| 000 | 00356nam a2200145Ia 4500 | ||
|---|---|---|---|
| 008 | 240624s9999 xx 000 0 und d | ||
| 041 | _aeng | ||
| 082 | _a659.1 RIE | ||
| 100 | _aRIES AL | ||
| 245 | _aPOSITIONING THE BATTLE FOR YOUR MIND | ||
| 250 | _a(20th ed.) | ||
| 260 |
_c2003 _aNew Delhi _bTata McGraw-Hill |
||
| 300 | _a264 : p. | ||
| 365 |
_cRS _b30 |
||
| 999 |
_c22885 _d22885 |
||